| 000 | 00451nam a2200181Ia 4500 | ||
|---|---|---|---|
| 005 | 20241115111430.0 | ||
| 008 | 240126s9999 xx 000 0 und d | ||
| 020 | _a9781588298805 | ||
| 082 | _a572.6 WAL;1 R | ||
| 100 | _aWalker, John M. | ||
| 245 | 4 | _aThe protein protocols handbook | |
| 250 | _a3rd ed. | ||
| 260 |
_bHumana Press _aNew Delhi _c2009 |
||
| 300 | _axxxv, 1991 | ||
| 440 | _aNULL | ||
| 650 | _aprotein,protocols | ||
| 942 | _cPU | ||
| 999 |
_c283708 _d283708 |
||